000 00312nam a2200133Ia 4500
003 OSt
005 20231208105142.0
008 170524s9999 xx 000 0 und d
020 _a9788131715369
040 _cIIMT UNIVERSITY
100 _aSTALLING W
245 0 _aDATA AND COMPUTER COMMUNICATION
942 _2ddc
_c02
999 _c4508
_d4508